00529nam a2200145Ia 450000500170000000800410001710000230005824501080008126000130018930000110020265000240021394200070023799900150024495201240025920260326235504.0260326s9999||||xx |||||||||||||| ||und|| aPhillips, Peter L. 0aCreating the perfect Design brief :b how to manage Design for strategic advantage /cPeter L. Phillips bAllworth a191 p. aDISEÑO INDUSTRIAL cBK c8119d8119 001040708GENaGPCbGPCcGENd2026-03-27eComprai1914l0o745.2 P 5411p1914r2026-03-27 04:55:04t1w2026-03-27yBK